Výpočtová technika a informatika 1 učebnica pre prvý ročník gymnázia

Bibliographic Details
Main Author: Marić, Filip, 1978- (Author)
Other Authors: Stanivuk, Siniša, 1965- (Translator)
Format: Book
Language:Slovak
Serbian
PhysicalDescription:335 strán ilustrácie, vzory 26 cm
Published: Belehrad Klett 2021
ISBN:9788653308674
Edition:Prvé vydanie
Subjects:

MARC

LEADER 00000cam a2200000 4500
001 vtls012233857
003 SK-MaSNL
005 20260301085224.0
008 230623s2021 rb al drp 000 0 slo
015 |a SNBZSA2024/02 
020 |a 9788653308674  |q (brožované) 
040 |a SNK  |b slo  |c SNK  |e rda 
041 1 |a slo  |h srp 
044 |a rb  |c RS 
072 7 |a 004  |x Počítačová veda. Výpočtová technika. Informačné technológie  |2 konspekt 
072 7 |a 007  |x Teória systémov. Automatické systémy. Kybernetika. Informačné systémy  |2 konspekt 
080 |a 004  |2 2011 
080 |a 007+004  |2 2011 
080 |a (075.3)  |2 2011 
100 1 |a Marić, Filip,  |d 1978-  |4 aut  |9 414934 
240 1 0 |a Računarstvo i informatika 1  |l Slovensky 
245 1 0 |a Výpočtová technika a informatika 1  |b učebnica pre prvý ročník gymnázia  |c Filip Marić ; preklad Siniša Stanivuk 
250 |a Prvé vydanie 
264 1 |a Belehrad  |b Klett  |c 2021 
300 |a 335 strán  |b ilustrácie, vzory  |c 26 cm 
336 |a text  |b txt  |2 rdacontent 
337 |a bez média  |b n  |2 rdamedia 
338 |a zväzok  |b nc  |2 rdacarrier 
500 |a Pravdepodobne preložené zo srbčiny 
500 |a Obsahuje slovník neznámych pojmov 
650 0 7 |a výpočtová technika  |2 SNKPH  |9 1126 
650 0 7 |a informatika  |2 SNKPH  |9 1124 
650 0 7 |a Computer technology  |2 SNKPHeng  |9 266457 
650 0 7 |a Informatics  |2 SNKPHeng  |9 267334 
655 7 |a učebnice stredných škôl  |2 SNKPH  |9 69323 
655 7 |a Textbooks (secondary)  |2 SNKPHeng  |9 276359 
700 1 |a Stanivuk, Siniša,  |d 1965-  |4 trl  |9 414935 
852 |a Slovenská národná knižnica 
919 |a 978-86-533-0867-4 
954 |a odborná, vedecká literatúra cudzojazyčná (svetová)  |2 lita 
958 |a ZS 
958 |a OP 
968 |b SCR 
999 |c 665313  |d 667243 
952 |a SNK  |b SNK  |y PREZ  |7 0  |p 17A1538115  |o snkSB 99866  |i snk2023/17967  |8 2  |g 16.40  |0 0  |1 0  |4 0  |d 2023-06-23  |f 1  |l 0  |r 2025-05-19 00:00:00  |w 2026-02-23